000 00304nam a2200133Ia 4500
008 231219s9999 xx 000 0 und d
041 _aeng
082 _a659
100 _aNeidle Andrea
245 _aHow to get into Advertising
260 _bCassell London.
300 _a196
650 _aManagement
999 _c989532
_d989532